[Event "Teusaquillo Rapid op"]
[Site "Teusaquillo"]
[Date "2023.03.04"]
[Round "4"]
[White "Rodriguez Cortes, Giovanni"]
[Black "Campos Perilla, Felix Santiago"]
[Result "1/2-1/2"]
[WhiteElo "1934"]
[BlackElo "1578"]
[PlyCount "168"]
[EventDate "2023.03.04"]
[EventType "swiss (rapid)"]
[EventRounds "9"]
[EventCountry "COL"]
[SourceTitle "CBM 213 Extra"]
[Source "ChessBase"]
[SourceDate "2023.05.31"]
[SourceVersion "1"]
[SourceVersionDate "2023.05.31"]
[SourceQuality "1"]

1. d4 f5 2. Na3 Nf6 3. c3 g6 4. Nc2 Bg7 5. Nf3 0-0 6. g3 d6 7. Bg2 Nc6 8. 0-0 e5 9. dxe5 Nxe5 10. Bf4 Nfd7 11. Qc1 Nf7 12. Ng5 Nde5 13. h4 h6 14. Nxf7 Nxf7 15. Bd5 c6 16. Bxf7+ Rxf7 17. Bxh6 Bxh6 18. Qxh6 Qf6 19. Qf4 Rg7 20. Rad1 d5 21. Kg2 Be6 22. Rfe1 Kf7 23. Nd4 Rh8 24. Nf3 Re8 25. Qc7+ Kg8 26. Qf4 Bf7 27. Ng5 Qe5 28. Qxe5 Rxe5 29. a3 a5 30. e3 a4 31. Rd4 b5 32. Red1 Kf8 33. Rf4 Ke7 34. Nf3 Re4 35. Rxe4+ fxe4 36. Ng5 Be8 37. f3 exf3+ 38. Kxf3 Kf6 39. e4 Re7 40. exd5 cxd5 41. Nh3 Bc6 42. Kf2 Kf5 43. Nf4 Re5 44. Rd4 g5 45. Nd3 gxh4 46. g4+ Ke6 47. Nxe5 Kxe5 48. Kg2 Kf6 49. Kh3 Kg5 50. Kg2 Bb7 51. Kf3 Bc6 52. Ke3 Bb7 53. Rb4 Bc6 54. Kf3 d4+ 55. Ke2 dxc3 56. bxc3 Bd7 57. Kf2 Bc6 58. Rd4 Be8 59. Rd8 Bf7 60. Rd7 Be6 61. Rg7+ Kf6 62. Rb7 Bc4 63. Ke3 Kg5 64. Rg7+ Kf6 65. Rd7 Kg5 66. Rd4 Be6 67. Kf3 Bb3 68. Ke3 Be6 69. Re4 Bc4 70. Kf2 Bd3 71. Rd4 Bc4 72. Kf3 Be6 73. Ke3 Bc4 74. Rf4 Be6 75. Re4 Bc4 76. Kf2 Bd3 77. Rd4 Bc4 78. Kg2 Be6 79. Kh3 Bc4 80. Rd1 Be6 81. Rg1 Bd7 82. Rg2 Be6 83. Rg1 Bd7 84. Rg2 Be6 1/2-1/2

[Event "Bogota El Tablazo op-A"]
[Site "Bogota"]
[Date "2022.06.26"]
[Round "7"]
[White "Moyano, Carlos Andres"]
[Black "Rodriguez Cortes, Giovanni"]
[Result "1/2-1/2"]
[WhiteElo "2066"]
[BlackElo "1955"]
[PlyCount "84"]
[EventDate "2022.06.23"]
[EventType "swiss"]
[EventRounds "10"]
[EventCountry "COL"]
[SourceTitle "EXT 2023"]
[Source "ChessBase"]
[SourceDate "2022.10.05"]
[SourceVersion "1"]
[SourceVersionDate "2022.10.05"]
[SourceQuality "1"]

1. e4 c5 2. Nf3 Nf6 3. e5 Nd5 4. Nc3 e6 5. Nxd5 exd5 6. c3 d6 7. exd6 Bxd6 8. Bb5+ Nc6 9. 0-0 0-0 10. h3 Bf5 11. d4 c4 12. Bxc6 bxc6 13. Re1 f6 14. b3 Bd3 15. bxc4 Bxc4 16. Nh4 Qd7 17. Qf3 Rae8 18. Bd2 Rxe1+ 19. Rxe1 Bxa2 20. Nf5 Rf7 21. Qg4 Kh8 22. Nxd6 Qxd6 23. Re8+ Rf8 24. Qc8 Kg8 25. Bf4 Qe7 26. Rxf8+ Qxf8 27. Qxc6 Bc4 28. Bd6 Qd8 29. h4 h6 30. Bc5 a6 31. Qe6+ Kh8 32. Qf7 Qg8 33. Qd7 Bb5 34. Qb7 Bc4 35. Qd7 Bb5 36. Qb7 Qe6 37. Bf8 Qd7 38. Qb8 Qe8 39. Qxe8 Bxe8 40. f3 a5 41. Kf2 Kg8 42. Bc5 Kf7 1/2-1/2

[Event "Bogota El Tablazo op-A"]
[Site "Bogota"]
[Date "2022.06.25"]
[Round "5"]
[White "Rodriguez Cortes, Giovanni"]
[Black "Cuellar Canosa, Nicolas"]
[Result "1-0"]
[WhiteElo "1955"]
[BlackElo "1811"]
[PlyCount "75"]
[EventDate "2022.06.23"]
[EventType "swiss"]
[EventRounds "10"]
[EventCountry "COL"]
[SourceTitle "EXT 2023"]
[Source "ChessBase"]
[SourceDate "2022.10.05"]
[SourceVersion "1"]
[SourceVersionDate "2022.10.05"]
[SourceQuality "1"]

1. e4 d5 2. f3 d4 3. d3 c5 4. f4 Nc6 5. Nf3 Bg4 6. Be2 Nf6 7. Na3 Qc7 8. Bd2 e5 9. Nb5 Qb8 10. 0-0 Bxf3 11. Rxf3 a6 12. Na3 b5 13. c3 dxc3 14. bxc3 c4 15. Nc2 cxd3 16. Bxd3 Bc5+ 17. Kh1 Qd6 18. Qe2 0-0 19. f5 Rfd8 20. h3 Rac8 21. a4 bxa4 22. Rxa4 a5 23. Bg5 Rb8 24. Ne1 Rb3 25. Bc4 Rb1 26. Bxf7+ Kf8 27. Bxf6 Qxf6 28. Bd5 Qh4 29. Rf1 Ne7 30. Ba2 Ra1 31. Qc4 Rxa2 32. Rxa2 Bb6 33. f6 gxf6 34. Qe6 Bc7 35. Rxf6+ Ke8 36. Qf7+ Kd7 37. Rd2+ Kc8 38. Qe6+ 1-0

[Event "Cali Masificacion op U2050"]
[Site "Cali"]
[Date "2021.12.28"]
[Round "5"]
[White "Ospina, Weimar Andres"]
[Black "Rodriguez Cortes, Giovanni"]
[Result "1-0"]
[WhiteElo "1635"]
[BlackElo "1962"]
[PlyCount "77"]
[EventDate "2021.12.26"]
[EventType "swiss"]
[EventRounds "7"]
[EventCountry "COL"]
[SourceTitle "CBM 205 Extra"]
[Source "ChessBase"]
[SourceDate "2022.01.31"]
[SourceVersion "1"]
[SourceVersionDate "2022.01.31"]
[SourceQuality "1"]

1. e4 c5 2. Nf3 Nf6 3. Nc3 d5 4. exd5 Nxd5 5. Nxd5 Qxd5 6. Bb5+ Bd7 7. Qe2 Nc6 8. h3 e6 9. 0-0 Be7 10. a4 0-0 11. Bc4 Qd6 12. d3 Rae8 13. Bd2 Kh8 14. Bc3 f6 15. a5 e5 16. Rfe1 Bd8 17. Qe4 Bc7 18. Qh4 Ne7 19. Bd2 Bc6 20. b4 Bxf3 21. bxc5 Qc6 22. gxf3 Qxf3 23. Qg4 Qc6 24. Qg2 Qxc5 25. Qxb7 Rb8 26. Qe4 f5 27. Qe3 Qc6 28. Qxa7 f4 29. Reb1 Rxb1+ 30. Rxb1 Rf6 31. Qb7 Rg6+ 32. Kf1 Qd7 33. Qa8+ Nc8 34. Qf3 e4 35. Qxe4 Qxh3+ 36. Ke2 Qh5+ 37. Qf3 Qe5+ 38. Kf1 Qd6 39. Bb4 1-0

[Event "American Continental 13th"]
[Site "Medellin"]
[Date "2017.06.13"]
[Round "5"]
[White "Moyses Sobrinho, Elias"]
[Black "Rodriguez Cortes, Giovanni"]
[Result "1/2-1/2"]
[WhiteElo "1919"]
[BlackElo "1772"]
[PlyCount "85"]
[EventDate "2017.06.10"]
[EventType "swiss"]
[EventRounds "11"]
[EventCountry "COL"]
[SourceTitle "CBM 178 Extra"]
[Source "ChessBase"]
[SourceDate "2017.06.22"]
[SourceVersion "1"]
[SourceVersionDate "2017.06.22"]
[SourceQuality "1"]

1. d4 Nf6 2. c4 e6 3. Nc3 d5 4. Nf3 Nbd7 5. cxd5 exd5 6. g3 c6 7. Bg2 Bd6 8. a3 0-0 9. 0-0 Re8 10. b4 a6 11. Qb3 Nb6 12. Nd2 Bg4 13. f3 Be6 14. Qc2 Bc7 15. Qd3 Nc4 16. Nxc4 dxc4 17. Qd2 b5 18. e4 Bb6 19. Rd1 Qd7 20. Kh1 Rad8 21. Ne2 Bh3 22. Bb2 Bxg2+ 23. Kxg2 Re7 24. a4 Ne8 25. axb5 axb5 26. Nf4 Nc7 27. d5 cxd5 28. exd5 Qd6 29. Re1 Rde8 30. Rxe7 Rxe7 31. Re1 Rxe1 32. Qxe1 f6 33. Bc3 Kf7 34. Qe4 g6 35. g4 Qe7 36. h4 Ke8 37. Bxf6 Qxe4 38. fxe4 Be3 39. Ne2 Kd7 40. Nc3 Bc1 41. Kf3 h6 42. e5 Bd2 43. e6+ 1/2-1/2

[Event "American Continental 13th"]
[Site "Medellin"]
[Date "2017.06.10"]
[Round "1"]
[White "Blandon Villa, Diego F"]
[Black "Rodriguez Cortes, Giovanni"]
[Result "1-0"]
[WhiteElo "2220"]
[BlackElo "1772"]
[PlyCount "27"]
[EventDate "2017.06.10"]
[EventType "swiss"]
[EventRounds "11"]
[EventCountry "COL"]
[SourceTitle "CBM 178 Extra"]
[Source "ChessBase"]
[SourceDate "2017.06.22"]
[SourceVersion "1"]
[SourceVersionDate "2017.06.22"]
[SourceQuality "1"]

1. e4 c5 2. Nf3 Nf6 3. Nc3 d5 4. exd5 Nxd5 5. d4 Nxc3 6. bxc3 e6 7. Bd3 Nc6 8. 0-0 Be7 9. Re1 Bf6 10. Rb1 cxd4 11. cxd4 Bxd4 12. Nxd4 Nxd4 13. Ba3 Bd7 14. Rxb7 1-0